Report on the role of the RICS in careers advice and recruitment (Record no. 90295)

MARC details
000 -LEADER
fixed length control field 00689cam a2200217 4500
001 - CONTROL NUMBER
control field B553
008 - FIXED-LENGTH DATA ELEMENTS--GENERAL INFORMATION
fixed length control field 090401t1986 xxu||||| |||| 00| 0 eng d
035 ## - SYSTEM CONTROL NUMBER
System control number (Sirsi) u36481
041 ## - LANGUAGE CODE
Language code of text/sound track or separate title eng
050 ## - LIBRARY OF CONGRESS CALL NUMBER
Classification number 333.0023
110 ## - MAIN ENTRY--CORPORATE NAME
Corporate name or jurisdiction name as entry element Consensus Research Limited
9 (RLIN) 2737
245 ## - TITLE STATEMENT
Title Report on the role of the RICS in careers advice and recruitment
260 ## - PUBLICATION, DISTRIBUTION, ETC.
Place of publication, distribution, etc. London
Name of publisher, distributor, etc. Consensus Research Limited
Date of publication, distribution, etc. 1986
300 ## - PHYSICAL DESCRIPTION
Extent 66,(26)p. ; 30cm.
350 ## - PRICE (NR) (BK AM CF MU VM SE) [OBSOLETE]
Price 6.5
520 ## - SUMMARY, ETC.
Summary, etc. Commissioned on behalf of the Royal Institution of Chartered Surveyors by McAvoy Wreford Bayley of Valin Pollen Ltd.
650 ## - SUBJECT ADDED ENTRY--TOPICAL TERM
Topical term or geographic name entry element ABOUT RICS-RICS MEMBERS
650 ## - SUBJECT ADDED ENTRY--TOPICAL TERM
Topical term or geographic name entry element PUBLIC IMAGE
942 ## - ADDED ENTRY ELEMENTS (KOHA)
Suppress in OPAC 0
948 ## - LOCAL PROCESSING INFORMATION (OCLC); SERIES PART DESIGNATOR (RLIN)
c (OCLC) 04/03/1997
Holdings
Withdrawn status Lost status Source of classification or shelving scheme Damaged status Not for loan Home library Current library Shelving location Date acquired Cost, normal purchase price Total Checkouts Full call number Barcode Date last seen Copy number Cost, replacement price Price effective from Koha item type
    Dewey Decimal Classification     London London RICS Boxes 14/09/1999 6.50   RICS 1986/122 30001007 06/08/2019 1 6.50 06/08/2019 Archive
    Dewey Decimal Classification     London London RICS Boxes 06/03/1992 6.50   RICS 1986/122 30026034 06/08/2019 2 6.50 06/08/2019 Book